Modern Cookery (Record no. 1222)

MARC details
000 -LEADER
fixed length control field 00225nam a22000857a 4500
003 - CONTROL NUMBER IDENTIFIER
control field OSt
005 - DATE AND TIME OF LATEST TRANSACTION
control field 20171113131551.0
008 - FIXED-LENGTH DATA ELEMENTS--GENERAL INFORMATION
fixed length control field 160630b xxu||||| |||| 00| 0 eng d
020 ## - INTERNATIONAL STANDARD BOOK NUMBER
International Standard Book Number 9788125025191
040 ## - CATALOGING SOURCE
Transcribing agency HOME SCIENCE
100 ## - MAIN ENTRY--PERSONAL NAME
9 (RLIN) 1477
Personal name Philip, T.E
245 ## - TITLE STATEMENT
Title Modern Cookery
260 ## - PUBLICATION, DISTRIBUTION, ETC. (IMPRINT)
Place of publication, distribution, etc. New Delhi
Name of publisher, distributor, etc. Orient Publication
Date of publication, distribution, etc. 2003
942 ## - ADDED ENTRY ELEMENTS (KOHA)
Source of classification or shelving scheme Dewey Decimal Classification
Koha item type Reference
Holdings
Withdrawn status Lost status Source of classification or shelving scheme Damaged status Not for loan Home library Current library Shelving location Date acquired Total Checkouts Full call number Barcode Date last seen Price effective from Koha item type
    Dewey Decimal Classification     Good Samaritan School Library Good Samaritan School Library Home Science 06/30/2016   PHI641 C-7 PHI2091 06/30/2016 06/30/2016 Reference

Powered by Koha